| 000 | 01164cam a2200217 4500 | ||
|---|---|---|---|
| 001 | ABS62942 | ||
| 008 | 000000n2000 000 0 eng u | ||
| 035 | _a(Sirsi) u108815 | ||
| 100 | _aBrewer, G. | ||
| 245 | _aWhen complete does not mean complete | ||
| 260 | _c2000 | ||
| 490 |
_aContract Journal _v405(6296) 27 September 2000, 29(1) |
||
| 520 | _aThe law and practices in relation to the completion of building and engineering projects are complex issues. There are several different approaches to the certification of completion in the standard forms of contract. Describes a number of these, and notes points common to all forms. The courts have examined completion on a number of occasions. Considers several cases and suggests that an understanding of the practical issues seems to have developed over the years. | ||
| 590 | _aABS | ||
| 650 | _aPRACTICAL COMPLETION | ||
| 650 | _aBUILT ENVIRONMENT-BUILDING CONTRACT FORMS-STANDARD FORMS OF BUILDING CONTRACT-JOINT CONTRACTS TRIBNUAL CONTRACTS | ||
| 650 | _aICE FORMS OF CONTRACT | ||
| 650 | _aI CHEM E FORMS OF CONTRACT | ||
| 690 | _aBUILT ENVIRONMENT-BUILDING CONTRACT FORMS | ||
| 942 | _n0 | ||
| 999 |
_c64963 _d64963 |
||